000 00906cab a22001935a 4500
001 L150582
008 090818e20090725xxkado f s 000 0 eng d
035 _a(Sirsi) u150582
041 0 _aeng
110 2 _aEstates Gazette
_9298
245 0 0 _aLondon offices market analysis
260 _c2009
490 _aEstates Gazette
_v(1029) 24 July 2009, 65-77(13)
520 _aTake up, supply, availability rates, asking rents, construction and investment trends for various office locations within London including City core, City fringe, Docklands, Midtown, Southbank and West End. Central London Lettings Agents League Table Q2 2010 and agents share by numbers of disposals done. Explains the criteria, geographical and other factors used in the Office Market Analysis.
590 _aKA
651 4 _aLondon
690 _aPROPERTY-COMMERCIAL PROPERTY-OFFICE PROPERTY-OFFICE PROPERTY MARKET
942 _n0
999 _c82568
_d82568